Větrání objektů /

Salvato in:
Dettagli Bibliografici
Autori principali: Šenovský, Michail (Autore), Prokop, Pavel (Autore), Bebčák, Petr (Autore)
Natura: Libro
Lingua:ceco
Pubblicazione: Ostrava SPBI 2007
Edizione:2. aktual. vyd.
Serie:Spektrum 12.
Soggetti:
Tags: Aggiungi Tag
Nessun Tag, puoi essere il primo ad aggiungerne!!

MARC

LEADER 00000nam a22000003a 4500
001 0029388
003 SK-STU
005 20171222095517.9
007 ta
008 171222s ----xo-----e------000-0-----d
020 |a 978-80-7385-008-1 
040 |a STU  |b slo 
041 0 |a cze 
044 |a xr 
100 1 |a Šenovský, Michail  |4 aut 
245 1 0 |a Větrání objektů /  |c aut. Michail Šenovský, Pavel Prokop, Petr Bebčák 
250 |a 2. aktual. vyd. 
260 |a Ostrava  |b SPBI  |c 2007 
300 |a 201 s. 
490 0 |a Spektrum  |v 12. 
650 0 7 |a vetranie 
700 1 |a Prokop, Pavel  |4 aut 
700 1 |a Bebčák, Petr  |4 aut 
996 |b 284M087494  |c M* 14032-1  |l MMKN  |s A  |a 24  |w 0029388_0001